| 000 | 00779nam a2200229 a 4500 | ||
|---|---|---|---|
| 003 | 0 | ||
| 005 | 20250329094513.0 | ||
| 008 | 050809s19uu xx 00 eng d | ||
| 050 |
_aPGS TP 159.C58 _b.B711 2005 |
||
| 100 | _aBondoc, Luigi Q. | ||
| 245 |
_aA comparative study on vinegar and hydrogen peroxide as cleaning agents / _cLuigi Q. Bondoc. |
||
| 260 |
_aLas PiƱas City, Philippines : _bSouthville International School and Colleges, _c2005. |
||
| 300 |
_a28 pages : _billustrations ; _c28 cm. |
||
| 504 | _aIncludes bibliographical references. | ||
| 650 | _aCleaning compounds. | ||
| 650 | _aDisinfectants. | ||
| 650 | _aHydrogen peroxide. | ||
| 650 | _aVinegar. | ||
| 650 | _aHousehold cleaning. | ||
| 650 | _aComparative analysis. | ||
| 942 |
_2lcc _cPASS |
||
| 999 |
_c97345 _d97345 |
||